Statistics for Guess the artist by their songs

Click here to take the quiz!

General Stats

  • This quiz has been taken 62 times
  • The average score is 6 of 14

Answer Stats

SongArtist% Correct
Old Town RoadLil Nas X
83%
Treat You BetterShawn Mendes
77%
That's What I LikeBruno Mars
74%
Can't Stop the FeelingJustin Timberlake
72%
Dance MonkeyTones and I
55%
In My FeelingsDrake
49%
Cup song from pitch perfectAnna Kendrick
45%
JealousNick Jonas
34%
PsychoPost Malone
32%
We will rock youFreddie Mercury
25%
Into the unknownIdina Menzel
21%
How To LoveLil Wayne
17%
AnimalsAdam Levine
13%
All StarSteve Harwell
2%

Score Distribution

Percentile by Number Answered

Percent of People with Each Score

Your Score History

You have not taken this quiz